<The> monetary policy of the ECB 2004

Saved in:
Bibliographic Details
Format: Book
Language:English
Published: Frankfurt am Main European Central Bank 2004
Subjects:
Tags: Add Tag
No Tags, Be the first to tag this record!

MARC

LEADER 00000nam$a2200000$$$4500
001 0017627
005 20240315123207.8
020 |a 92-9181-479-2 
041 0 |a eng 
044 |a DE 
245 1 0 |a <The> monetary policy of the ECB  |b 2004 
264 1 |a Frankfurt am Main  |b European Central Bank  |c 2004 
300 |a 126 s. 
610 2 0 |a banky centrálne 
610 2 0 |a Európa 
610 2 0 |a politika menová 
610 2 0 |a eurozóna 
610 2 0 |a štruktúra ekonomická 
610 2 0 |a únie hospodárske 
610 2 0 |a únie menové 
610 2 0 |a trh finančný 
610 2 0 |a Európska centrálna banka